000
00229 a2200109 4500
003
Nust
005
20170207154232.0
040
_c
Nust
082
_a
371.33
245
_a
Battle Shock (VHS-565)
440
_a
Battle Shock (VHS-565)
538
_a
Duration 120-Mins
999
_c
195973
_d
195973